Study on gastro intestinal parasites in cattle, in treang district, takeo province; ការសិក្សាពីបរាសិតនៅក្នុងក្រពះពោះវៀន នៅស្រុកទ្រាំង ខេត្តតាកែវ (Record no. 10601)

000 -LEADER
fixed length control field 00662nam a22001577a 4500
003 - CONTROL NUMBER IDENTIFIER
control field OSt
005 - DATE AND TIME OF LATEST TRANSACTION
control field 20161031132842.0
008 - FIXED-LENGTH DATA ELEMENTS--GENERAL INFORMATION
fixed length control field 161031b xxu||||| |||| 00| 0 eng d
040 ## - CATALOGING SOURCE
Transcribing agency RUA
082 ## - DEWEY DECIMAL CLASSIFICATION NUMBER
Classification number VEM TUO 2015 B525 Or.1
100 ## - MAIN ENTRY--PERSONAL NAME
9 (RLIN) 11018
Personal name TUON SREYYET; ទួន ស្រីយ៉េត
245 ## - TITLE STATEMENT
Title Study on gastro intestinal parasites in cattle, in treang district, takeo province; ការសិក្សាពីបរាសិតនៅក្នុងក្រពះពោះវៀន នៅស្រុកទ្រាំង ខេត្តតាកែវ
260 ## - PUBLICATION, DISTRIBUTION, ETC. (IMPRINT)
Place of publication, distribution, etc. Phnom Penh
Name of publisher, distributor, etc. RUA
Date of publication, distribution, etc. 2015
300 ## - PHYSICAL DESCRIPTION
Extent ix; 36p;
Other physical details ill;
Dimensions 29cm;
942 ## - ADDED ENTRY ELEMENTS (KOHA)
Source of classification or shelving scheme
Koha item type VEM
Holdings
Price effective from Date last seen Permanent Location Not for loan Date acquired Source of classification or shelving scheme Koha item type Lost status Withdrawn status Date last checked out Total Checkouts Shelving location Damaged status Barcode Current Location Full call number
2016-10-312016-10-31Library Block B 2016-10-31 VEM    B525 A00930Library Block BVEM TUO 2015 B525 Or.1
2016-10-312016-10-31Library Block B 2016-10-31 VEM    B525 A01442Library Block BVEM TUO 2015 B525 Or.2
2016-10-312016-10-31Library Block B 2016-10-31 VEM    B525 A00288Library Block BVEM TUO 2015 B525 Or.3
2016-10-312016-10-31Library Block B 2016-10-31 VEM    B525 A01328Library Block BVEM TUO 2015 B525 Or.4
2016-10-312016-10-31Library Block B 2016-10-31 VEM    B525 A01402Library Block BVEM TUO 2015 B525 Or.5
2016-10-312016-10-31Library Block B 2016-10-31 VEM    B525 A01379Library Block BVEM TUO 2015 B525 Or.6
2016-10-312016-10-31Library Block B 2016-10-31 VEM    B525 A01867Library Block BVEM TUO 2015 B525 Or.7
2016-10-312016-10-31Library Block B 2016-10-31 VEM    B525 A01187Library Block BVEM TUO 2015 B525 Or.8
2021-11-122026-02-04Library Block B 2021-11-12 VEM  2026-01-092B692 A066797Library Block BVEM TUO 2015 B692 Or.1
2021-11-122025-06-09Library Block B 2021-11-12 VEM  2025-06-091B692 A066853Library Block BVEM TUO 2015 B692 Or.1
មជ្ឈមណ្ឌលឯការនៃសាកលវិទ្យាល័យភូមិន្ទកសិកម្មចំការដូង

Powered by Koha